| 000 | 01404nam0a2200349 4500 | ||
|---|---|---|---|
| 001 | RU\NLR\BIBL_A\012556234 | ||
| 005 | 20210829141200.0 | ||
| 010 | _a978-5-227-09365-3 | ||
| 021 |
_aRU _bКН-П-21-011148 _9КН-П-21-0901 |
||
| 035 | _a(NLR Aleph) 012556234 | ||
| 090 |
_a12446554 _c12446554 |
||
| 100 | _a20210701d2021 u y0rusy50 ca | ||
| 101 | 0 | _arus | |
| 102 | _aRU | ||
| 105 | _ac|||z|||000zd | ||
| 181 | 0 |
_ai _baxxe |
|
| 182 | 0 | _an | |
| 200 | 1 |
_aБоль. Изгнание, или Вниз по лестнице, ведущей вверх _e[как преодолеть страдания, ложь и предательство] _fГоген Солнцев |
|
| 203 |
_aТекст _bвизуальный _cнепосредственный |
||
| 210 |
_aМосква _cЦентрполиграф _d2021 |
||
| 215 |
_a222, [2] с. _cпортр. _d21 |
||
| 300 | _aВ аннот. авт.: Гоген Солнцев, актер, певец | ||
| 333 | _a16+ | ||
| 517 | 1 | _aВниз по лестнице, ведущей вверх | |
| 600 | 1 |
_aСолнцев _bГ. _f1980 _gГоген _92485917 _3RU\NLR\AUTH\6601691724 |
|
| 686 | 1 | _aЩ363(2Р=Рус)75-83Солнцев | |
| 700 | 1 |
_7ca _8rus _aСолнцев _bГ. _f1980- _gГоген _9232668 _3RU\NLR\AUTH\770232724 |
|
| 942 | _cBOOK | ||
| 980 | _aNB | ||